[Event "Campeonato Brasileiro Amador 2019 U1800"]
[Site "Sao Paulo"]
[Date "2019.06.22"]
[Round "6.17"]
[White "Ferreira, Raphael Suzuki"]
[Black "Vitielo, Alecio Elias"]
[Result "0-1"]
[WhiteElo "1663"]
[BlackElo "1799"]
[PlyCount "104"]
[EventDate "2019.06.20"]

1. Nf3 Nf6 2. g3 g6 3. Bg2 Bg7 4. O-O O-O 5. d4 d5 6. Nbd2 c6 7. c3 Bf5 8. Re1
Be4 9. Nxe4 Nxe4 10. Ng5 Nf6 11. Qb3 Qb6 12. Qxb6 axb6 13. e4 dxe4 14. Nxe4
Nxe4 15. Rxe4 e6 16. a3 b5 17. Bf4 Nd7 18. Re2 Rfc8 19. Bd6 Bf8 20. Bxf8 Kxf8
21. f4 Nb6 22. g4 Nc4 23. f5 exf5 24. gxf5 Re8 25. Rae1 Nxb2 26. Rxe8+ Rxe8 27.
Rxe8+ Kxe8 28. fxg6 hxg6 29. Bf3 Nc4 30. Be2 Nxa3 31. Bd3 Nc4 32. Kf2 f5 33. h4
Nd6 34. Kf3 Kf7 35. Kf4 Kf6 36. Kf3 Nc8 37. d5 Nd6 38. dxc6 bxc6 39. Bc2 Ne4
40. Bxe4 fxe4+ 41. Kxe4 c5 42. Kd5 b4 43. c4 b3 44. Kxc5 b2 45. Kd6 b1=Q 46. c5
Qd3+ 47. Kc7 Ke7 48. c6 Qb5 49. h5 gxh5 50. Kc8 Qb6 51. c7 Kd6 52. Kd8 Qxc7+
0-1

[Event "Campeonato Brasileiro Amador 2019 U1800"]
[Site "Sao Paulo"]
[Date "2019.06.22"]
[Round "6.18"]
[White "Ribeiro, Daniel Malta"]
[Black "Lima, Aine Carolina"]
[Result "1/2-1/2"]
[WhiteElo "1775"]
[BlackElo "1665"]
[PlyCount "73"]
[EventDate "2019.06.20"]

1. c4 e5 2. Nc3 Nc6 3. g3 g6 4. Bg2 Bg7 5. e3 Nge7 6. Nge2 d6 7. h3 Be6 8. b3
Qd7 9. Bb2 O-O 10. d4 exd4 11. exd4 d5 12. c5 Nd8 13. Nf4 c6 14. O-O Bh6 15.
Nce2 f5 16. Bc1 Bg7 17. Nd3 Bf7 18. Bf4 Ne6 19. Be5 Bxe5 20. Nxe5 Qc7 21. Qd2
Kg7 22. Nf4 Ng8 23. Rae1 Rae8 24. Re2 Nf6 25. f3 Nxf4 26. Qxf4 Nh5 27. Qh4 h6
28. g4 g5 29. Qf2 Nf4 30. Rd2 fxg4 31. fxg4 Bg6 32. Qe3 Nxg2 33. Rxg2 Rxf1+ 34.
Kxf1 Rf8+ 35. Rf2 Qe7 36. Rxf8 Qxf8+ 37. Qf2 1/2-1/2

[Event "Campeonato Brasileiro Amador 2019 U1800"]
[Site "Sao Paulo"]
[Date "2019.06.22"]
[Round "6.19"]
[White "Rial, Antonio Marcos Pinon"]
[Black "Andreata, Mauro Antonio"]
[Result "0-1"]
[WhiteElo "1735"]
[BlackElo "1624"]
[PlyCount "80"]
[EventDate "2019.06.20"]

1. d4 d5 2. Nf3 e6 3. e3 Nf6 4. Bd3 c5 5. b3 Be7 6. O-O O-O 7. Bb2 Nc6 8. Nbd2
h6 9. Ne5 Bd7 10. f4 Rc8 11. a3 cxd4 12. exd4 Re8 13. Rc1 Qb6 14. Ndf3 Red8 15.
Kh1 Nb8 16. Nxd7 Nbxd7 17. Ne5 Nf8 18. Rf3 Qc7 19. Qe2 Qa5 20. f5 Bd6 21. fxe6
Nxe6 22. Bf5 Re8 23. Qf2 Rc7 24. c4 Ng5 25. Re3 Rce7 26. b4 Qd8 27. cxd5 Nxd5
28. Rc8 Qb6 29. Rxe8+ Rxe8 30. Nd7 Qd8 31. Rxe8+ Qxe8 32. Ne5 Nf6 33. Qc2 Qb5
34. Bd3 Qe8 35. Qe2 a6 36. Bc1 Ne6 37. Qf2 Qd8 38. Bb2 Bxe5 39. dxe5 Ng4 40.
Qf5 Qxd3 0-1

[Event "Campeonato Brasileiro Amador 2019 U1800"]
[Site "Sao Paulo"]
[Date "2019.06.22"]
[Round "6.20"]
[White "Hayashi, Kaito"]
[Black "Lara, Diego Costa"]
[Result "0-1"]
[WhiteElo "1561"]
[BlackElo "1729"]
[PlyCount "134"]
[EventDate "2019.06.20"]

1. e4 e6 2. d4 d5 3. exd5 exd5 4. Nc3 Bb4 5. Bd3 Nf6 6. Nf3 Bg4 7. Qe2+ Qe7 8.
Qxe7+ Bxe7 9. Ne5 Be6 10. O-O a6 11. Re1 O-O 12. Be3 Nbd7 13. Nxd7 Nxd7 14. Ne2
Bf6 15. Nf4 Rfe8 16. Nxe6 fxe6 17. c3 Rac8 18. Rac1 e5 19. dxe5 Nxe5 20. Rcd1
Nxd3 21. Rxd3 c6 22. Bd2 Rxe1+ 23. Bxe1 Re8 24. Kf1 Re4 25. Bd2 Ra4 26. a3 b5
27. Bc1 a5 28. Ke2 Rh4 29. h3 b4 30. axb4 axb4 31. f4 bxc3 32. bxc3 h6 33. Rf3
Be7 34. Be3 g5 35. f5 Re4 36. Kd3 Bf6 37. Bd4 Bxd4 38. cxd4 Kf7 39. g4 h5 40.
Rg3 Kf6 41. Kc3 hxg4 42. hxg4 Rf4 43. Kd3 Ke7 44. Kc3 Kd6 45. Kd3 c5 46. dxc5+
Kxc5 47. Kc3 d4+ 48. Kb3 Kd5 49. Kb4 Ke4 50. Kc4 Rf1 51. Rg2 Rc1+ 52. Kb3 Kf3
53. Rd2 Kxg4 54. f6 Rf1 55. Rxd4+ Kh3 56. Rd3+ Kh4 57. Rd8 Rxf6 58. Kc2 g4 59.
Kd2 Re6 60. Rh8+ Kg3 61. Rg8 Kh3 62. Rh8+ Kg2 63. Rg8 g3 64. Rg7 Kf2 65. Rf7+
Kg1 66. Rg7 g2 67. Rg8 Rh6 0-1

[Event "Campeonato Brasileiro Amador 2019 U1800"]
[Site "Sao Paulo"]
[Date "2019.06.22"]
[Round "6.21"]
[White "Bocca, Edson Ricardo"]
[Black "Olivo, Anibal Ribeiro"]
[Result "0-1"]
[WhiteElo "1645"]
[BlackElo "1616"]
[PlyCount "50"]
[EventDate "2019.06.20"]

1. e4 e5 2. Nc3 Nf6 3. Bc4 Bc5 4. h3 Nc6 5. Nf3 a6 6. a3 d6 7. d3 h6 8. Be3
Bxe3 9. fxe3 O-O 10. Qe2 Qe7 11. O-O-O b5 12. Nd5 Nxd5 13. Bxd5 Bd7 14. g4 Rab8
15. Rdg1 Nd8 16. g5 h5 17. g6 Be6 18. gxf7+ Nxf7 19. Rg6 Bxd5 20. exd5 Nh8 21.
Rg3 Qf7 22. e4 Qf4+ 23. Kd1 Qxg3 24. Nd2 g6 25. c3 Qf2 0-1

[Event "Campeonato Brasileiro Amador 2019 U1800"]
[Site "Sao Paulo"]
[Date "2019.06.22"]
[Round "6.22"]
[White "Haraguchi, Matheus Sashaki"]
[Black "Teles, Lucas Marquetotti"]
[Result "0-1"]
[WhiteElo "1524"]
[BlackElo "1790"]
[Annotator "Kleyt"]
[PlyCount "67"]
[EventDate "2019.06.20"]

1. c4 Nf6 2. Nc3 g6 3. g3 Bg7 4. Bg2 O-O 5. e4 d6 6. Nge2 c6 7. O-O b6 8. f4
Bb7 9. h3 e5 10. d3 Qc7 11. Kh1 Rd8 12. Be3 Nbd7 13. Rc1 Nf8 14. Rc2 Qe7 15.
Qc1 Rac8 16. a3 Rd7 17. f5 Rcd8 18. g4 d5 19. g5 d4 20. gxf6 Bxf6 21. fxg6 dxe3
22. gxf7+ Qxf7 23. Qxe3 Rxd3 24. Qh6 Ng6 25. Ng3 Nf4 26. Nce2 Bg7 27. Qh4 Nxg2
28. Qxd8+ Rxd8 29. Rxf7 Kxf7 30. Kxg2 Kg6 31. Ng1 Ba6 32. Nf3 c5 33. Re2 Rd3
34. Ng5 {Ilegivel} 0-1

[Event "Campeonato Brasileiro Amador 2019 U1800"]
[Site "Sao Paulo"]
[Date "2019.06.22"]
[Round "6.23"]
[White "Mesquita, Arnaldo Leite"]
[Black "Neto, Valdeno Brito"]
[Result "0-1"]
[WhiteElo "1741"]
[BlackElo "1534"]
[PlyCount "86"]
[EventDate "2019.06.20"]

1. c4 e5 2. Nc3 Nc6 3. g3 f5 4. Bg2 Nf6 5. d3 Bc5 6. Nf3 O-O 7. O-O a6 8. Bg5
d6 9. Nd5 Rf7 10. e3 Qe8 11. Bxf6 gxf6 12. a3 a5 13. Nh4 Nd8 14. d4 Ba7 15. b4
c6 16. Nc3 Rg7 17. b5 e4 18. Qb3 Nf7 19. f3 exf3 20. Rxf3 Ng5 21. Rf2 Qxe3 22.
b6 Bb8 23. Kf1 Qd3+ 24. Kg1 a4 25. Qb4 Qxd4 26. Rd1 Qe5 27. Re2 Ne4 28. Nxe4
fxe4 29. Rxe4 Qh5 30. Rde1 Bd7 31. Qc3 d5 32. cxd5 cxd5 33. Qc5 Bd6 34. Qxd6
dxe4 35. Bxe4 Qxh4 36. Bxb7 Rd8 37. Bd5+ Kh8 38. Be6 Qh5 39. Qd3 Qe8 40. b7
Bxe6 41. b8=Q Rxb8 42. Qd6 Re7 43. Qf4 Kg7 0-1

[Event "Campeonato Brasileiro Amador 2019 U1800"]
[Site "Sao Paulo"]
[Date "2019.06.22"]
[Round "6.24"]
[White "Pereira Fo, Hildebrando Apolonio"]
[Black "Saito, Helio Tsutomu"]
[Result "1-0"]
[WhiteElo "1550"]
[BlackElo "1668"]
[PlyCount "129"]
[EventDate "2019.06.20"]

1. c4 Nf6 2. Nf3 g6 3. b3 Bg7 4. Bb2 O-O 5. e3 d6 6. Be2 c5 7. Nc3 Nc6 8. O-O
e5 9. Ng5 h6 10. Nge4 Nxe4 11. Nxe4 f5 12. Nc3 Be6 13. d3 a6 14. Bf3 Rb8 15.
Bd5 Bxd5 16. Nxd5 Ne7 17. d4 Nxd5 18. cxd5 cxd4 19. exd4 e4 20. Qd2 b5 21. Rac1
f4 22. Rc6 a5 23. Rfc1 g5 24. Rc7 b4 25. Qe2 Re8 26. Qa6 e3 27. Qa7 Bf8 28. Rh7
Re7 29. Rxe7 exf2+ 30. Kxf2 Bxe7 31. Qa6 Bf8 32. Qd3 Kg7 33. Rc6 Rb7 34. Qf5
Qf6 35. Qg4 Rb5 36. Rc7+ Kg6 37. Qe6 Rb8 38. g4 fxg3+ 39. Kxg3 Bg7 40. Rc2 Rf8
41. Rf2 Qxe6 42. dxe6 Rxf2 43. Kxf2 d5 44. Ke3 Kf6 45. Bc1 Kxe6 46. Bd2 Kf5 47.
Be1 h5 48. Bg3 Bf8 49. Bc7 g4 50. Bxa5 Bd6 51. Bb6 Bxh2 52. Bc5 Bg1+ 53. Ke2
Ke4 54. Bxb4 Bxd4 55. Be1 Bb6 56. a4 d4 57. b4 Ke5 58. Kd3 Kd5 59. a5 Ba7 60.
Bf2 Ke5 61. b5 Kf4 62. b6 Bb8 63. a6 g3 64. Bg1 h4 65. a7 1-0

[Event "Campeonato Brasileiro Amador 2019 U1800"]
[Site "Sao Paulo"]
[Date "2019.06.22"]
[Round "6.25"]
[White "Da Cunha, Gabriela Goes"]
[Black "Ramos, Beny Irwing Pankiewi"]
[Result "0-1"]
[WhiteElo "1457"]
[BlackElo "1654"]
[PlyCount "182"]
[EventDate "2019.06.20"]

1. e4 c5 2. Nf3 d6 3. d4 cxd4 4. Nxd4 Nf6 5. Nc3 g6 6. Be3 Bg7 7. Be2 O-O 8.
O-O a6 9. Qd2 Nc6 10. Rad1 Re8 11. h3 Bd7 12. Rfe1 b5 13. a3 Qc8 14. Bf3 Ne5
15. Qe2 Rb8 16. Na2 Be6 17. Nxe6 Qxe6 18. Nb4 Nxf3+ 19. Qxf3 Qxe4 20. Qxe4 Nxe4
21. Nxa6 Rbc8 22. c3 Nf6 23. Nb4 Red8 24. Bf4 Kf8 25. Re2 Rc4 26. Bg3 Bh6 27.
Be5 Re4 28. Rxe4 Nxe4 29. Bd4 Nd2 30. Re1 Nc4 31. Nd3 f5 32. Be3 Bxe3 33. fxe3
e5 34. Re2 e4 35. Nf4 Kf7 36. Kf2 Rd7 37. Ke1 d5 38. h4 h6 39. Nh3 Kf6 40. Kd1
Ke6 41. Kc2 Kd6 42. Re1 Ne5 43. Nf2 Nc4 44. b3 Ne5 45. Rd1 Ra7 46. Kb2 Rf7 47.
Kc2 f4 48. Nxe4+ Kc6 49. exf4 Rxf4 50. Nd2 Rf2 51. Rg1 Ng4 52. Kd3 Ne5+ 53. Ke3
Rf5 54. g4 Rf7 55. Rg3 Ra7 56. Nb1 Re7 57. Kd4 Kd6 58. Nd2 Nc6+ 59. Kd3 Ne5+
60. Kd4 Ra7 61. Nb1 Rf7 62. Nd2 Rf2 63. Ke3 Rf7 64. Kd4 g5 65. hxg5 hxg5 66.
Rh3 Nxg4 67. Rh5 Rf4+ 68. Kd3 Ne5+ 69. Ke3 Rf5 70. a4 bxa4 71. bxa4 Kc5 72. Rh6
Ng4+ 73. Kd3 Nxh6 74. Nb3+ Kb6 75. a5+ Ka6 76. Kd4 g4 77. Kc5 g3 78. Kb4 g2 79.
Nc5+ Ka7 80. Kb5 g1=Q 81. a6 Qxc5+ 82. Kxc5 Kxa6 83. Kd4 Kb5 84. Kd3 Kc5 85.
Kd2 Kc4 86. Ke3 Ng4+ 87. Kd2 Rf2+ 88. Kc1 Kxc3 89. Kb1 Kb3 90. Kc1 Ne3 91. Kb1
Rf1# 0-1

[Event "Campeonato Brasileiro Amador 2019 U1800"]
[Site "Sao Paulo"]
[Date "2019.06.22"]
[Round "6.26"]
[White "Loss, Victor Pinheiro Cos"]
[Black "Da Rocha, Lucas Sampaio"]
[Result "0-1"]
[WhiteElo "1412"]
[BlackElo "1637"]
[PlyCount "100"]
[EventDate "2019.06.20"]

1. e4 c6 2. d4 d5 3. exd5 cxd5 4. Bd3 Nc6 5. c3 Nf6 6. Nf3 Bg4 7. h3 Bh5 8. O-O
e6 9. Bf4 Bd6 10. Bxd6 Qxd6 11. Re1 O-O 12. Nbd2 Rab8 13. Qc2 Bg6 14. Ne5 Bxd3
15. Nxd3 Rfc8 16. Nf3 Ne4 17. Qe2 b5 18. Nd2 Nxd2 19. Qxd2 b4 20. Nxb4 Nxb4 21.
cxb4 Qxb4 22. Qxb4 Rxb4 23. Rac1 Rcb8 24. Rc7 a5 25. Re3 Rxd4 26. Rf3 Rf8 27.
Ra7 Ra4 28. a3 g6 29. b4 e5 30. b5 e4 31. Rb3 d4 32. b6 d3 33. b7 d2 34. Rb1
Rd4 35. Rd1 Rb8 36. Kf1 Rd7 37. Ke2 Rbxb7 38. Rxa5 Rb2 39. Re5 f5 40. g3 Kf7
41. a4 Kf6 42. Rb5 Rxb5 43. axb5 Ke7 44. b6 Kd8 45. b7 Kc7 46. Rxd2 Rxd2+ 47.
Kxd2 Kxb7 48. Ke3 Kc6 49. Kf4 Kd5 50. Kg5 Kd4 0-1

[Event "Campeonato Brasileiro Amador 2019 U1800"]
[Site "Sao Paulo"]
[Date "2019.06.22"]
[Round "6.27"]
[White "Da Silva, Matheus Lopes"]
[Black "Jardim, Tamiris Salvador"]
[Result "1-0"]
[WhiteElo "1633"]
[BlackElo "1339"]
[PlyCount "97"]
[EventDate "2019.06.20"]

1. e4 c5 2. Nf3 e6 3. d4 cxd4 4. Nxd4 Nf6 5. Nc3 d6 6. Bg5 a6 7. f4 Nbd7 8. Qf3
Be7 9. g4 Qc7 10. Bg2 Rb8 11. O-O-O b5 12. f5 Bb7 13. fxe6 Ne5 14. exf7+ Kxf7
15. Qf4 Nexg4 16. Bh3 Ne5 17. Be6+ Ke8 18. Nd5 Bxd5 19. exd5 Rf8 20. Nf5 Nh5
21. Qh4 Bxg5+ 22. Qxg5 g6 23. Rhf1 Ng7 24. Nxd6+ Qxd6 25. Rxf8+ Kxf8 26. Qf6+
Ke8 27. Qxg7 h5 28. Re1 Nf3 29. Qf7+ Kd8 30. Qxf3 Rb7 31. Qf6+ Kc7 32. Qe5 Qxe5
33. Rxe5 Kd6 34. Rg5 Rg7 35. h4 Ke7 36. Kd2 Kf6 37. Kd3 Rc7 38. Rg3 Re7 39. Kd4
Rc7 40. Rf3+ Ke7 41. Rf7+ Kd6 42. Rxc7 Kxc7 43. Kc5 g5 44. hxg5 h4 45. g6 h3
46. Bxh3 b4 47. g7 b3 48. g8=Q bxa2 49. Qc8# 1-0

[Event "Campeonato Brasileiro Amador 2019 U1800"]
[Site "Sao Paulo"]
[Date "2019.06.22"]
[Round "6.28"]
[White "De Sousa E Silva, Luis Gonzaga"]
[Black "Jafet Junior, Carlos"]
[Result "0-1"]
[WhiteElo "1298"]
[BlackElo "1628"]
[PlyCount "68"]
[EventDate "2019.06.20"]

1. Nf3 Nf6 2. g3 d5 3. Bg2 c5 4. d3 Nc6 5. c3 e5 6. Nbd2 Bd6 7. O-O O-O 8. e4
d4 9. Re1 Bg4 10. Qa4 a6 11. cxd4 Nxd4 12. Nxd4 cxd4 13. Qb3 b5 14. Nf3 Rc8 15.
h3 Bh5 16. Nh4 Nd7 17. Nf5 Nc5 18. Qa3 Bb8 19. g4 Bg6 20. b4 Na4 21. Bd2 Rc2
22. Re2 Nc3 23. Bxc3 Rxe2 24. Ng3 Rc2 25. Be1 Qb6 26. Nf5 Bxf5 27. gxf5 Rfc8
28. Qb3 Qd6 29. Bf3 Qh6 30. Bg2 Bd6 31. Qd5 Rc1 32. Rxc1 Rxc1 33. Qa8+ Bf8 34.
Kf1 Qd2 0-1

[Event "Campeonato Brasileiro Amador 2019 U1800"]
[Site "Sao Paulo"]
[Date "2019.06.22"]
[Round "6.29"]
[White "Nobre, Jose Adalberto Barbo"]
[Black "Brujin, Homero"]
[Result "0-1"]
[WhiteElo "1593"]
[BlackElo "1485"]
[PlyCount "80"]
[EventDate "2019.06.20"]

1. c4 e5 2. Nc3 Nc6 3. e3 Nf6 4. d4 Bb4 5. d5 Bxc3+ 6. bxc3 Na5 7. Nf3 d6 8.
Qa4+ c6 9. h3 Ne4 10. Bb2 Bd7 11. Qc2 Nf6 12. e4 Qb6 13. Bd3 Qc5 14. Qa4 Qb6
15. Rb1 c5 16. O-O Bxa4 17. Ba3 Qd8 18. Nh2 Bd7 19. f4 b6 20. f5 Nh5 21. Bc1 g6
22. g4 Nf6 23. g5 Nh5 24. h4 gxf5 25. exf5 Rg8 26. Be2 Ng3 27. Rf2 Nxe2+ 28.
Rxe2 Bxf5 29. Rbb2 Nxc4 30. Rb3 f6 31. Rf2 Qd7 32. Nf3 O-O-O 33. Nd2 Nxd2 34.
Rxd2 fxg5 35. hxg5 Rxg5+ 36. Kf1 Rdg8 37. Kf2 Qf7 38. Ke3 Qh5 39. Rbb2 Qh3+ 40.
Ke2 Rg2+ 0-1

[Event "Campeonato Brasileiro Amador 2019 U1800"]
[Site "Sao Paulo"]
[Date "2019.06.22"]
[Round "6.32"]
[White "Teramoto, Anderson"]
[Black "Paula, Hugo De Araujo"]
[Result "1/2-1/2"]
[WhiteElo "1674"]
[BlackElo "1557"]
[PlyCount "86"]
[EventDate "2019.06.20"]

1. d4 d5 2. c4 e6 3. Nc3 Nf6 4. e3 Nbd7 5. Nf3 c6 6. cxd5 Nxd5 7. Nxd5 exd5 8.
Bd3 Be7 9. O-O Nf6 10. Ne5 Nd7 11. Nxd7 Bxd7 12. b3 O-O 13. Bb2 Bf6 14. Rc1 g6
15. Bb1 Bg7 16. f3 Re8 17. e4 dxe4 18. fxe4 Qg5 19. Qf3 Be6 20. Bc3 Bh6 21.
Rce1 Qd8 22. Kh1 Bg7 23. Rd1 Qd7 24. h3 Rad8 25. Rd3 f5 26. e5 Bd5 27. Qg3 b6
28. Rdd1 a5 29. Kg1 Qe6 30. Bc2 Ra8 31. Bb2 Bf8 32. h4 Re7 33. Bxf5 Qf7 34. h5
Qg7 35. hxg6 hxg6 36. Bh3 Rf7 37. e6 Rxf1+ 38. Rxf1 Ra7 39. Qf4 Qh6 40. Bc1
Qxf4 41. Bxf4 a4 42. Rb1 axb3 43. axb3 c5 1/2-1/2

[Event "Campeonato Brasileiro Amador 2019 U1800"]
[Site "Sao Paulo"]
[Date "2019.06.22"]
[Round "6.33"]
[White "De Oliveira, Joao Eudes"]
[Black "De Almeida, Jose Fernando Antune"]
[Result "1-0"]
[WhiteElo "1717"]
[BlackElo "1357"]
[PlyCount "89"]
[EventDate "2019.06.20"]

1. d4 Nf6 2. Nf3 d5 3. Bg5 Bf5 4. Nbd2 e6 5. e3 Nbd7 6. Be2 c6 7. c3 Qb6 8. Qb3
Qc7 9. Nh4 Bd6 10. Nxf5 exf5 11. Nf3 Ne4 12. Bf4 h6 13. O-O g5 14. Bg3 Bxg3 15.
hxg3 g4 16. Nh4 Nd2 17. Qc2 Nxf1 18. Kxf1 h5 19. Qxf5 Qd6 20. c4 Qf6 21. Qc2
O-O 22. b4 Rac8 23. c5 Rfe8 24. Nf5 Rb8 25. Kg1 b6 26. Bd3 Ra8 27. Nd6 Re6 28.
Bf5 Rxd6 29. cxd6 Qxd6 30. Rc1 Rc8 31. Qa4 Rc7 32. Qb3 Qf6 33. Bd3 h4 34. gxh4
Qxh4 35. g3 Qg5 36. Kg2 f5 37. Qc2 Nf6 38. Bxf5 Re7 39. Rh1 Ne4 40. Bxe4 Rxe4
41. Qxc6 Qf5 42. Qa8+ Kf7 43. Rh5 Qf3+ 44. Kg1 Qd1+ 45. Kh2 1-0

[Event "Campeonato Brasileiro Amador 2019 U1800"]
[Site "Sao Paulo"]
[Date "2019.06.22"]
[Round "6.34"]
[White "Yokomizo, Wilton"]
[Black "Kajiwara, Joao Kazuyuki"]
[Result "1/2-1/2"]
[WhiteElo "1468"]
[BlackElo "1316"]
[PlyCount "70"]
[EventDate "2019.06.20"]

1. e4 c5 2. Nf3 g6 3. d4 cxd4 4. Nxd4 Bg7 5. Nc3 Nc6 6. Be3 Nf6 7. Nxc6 bxc6 8.
Bc4 O-O 9. e5 Ne8 10. f4 d6 11. O-O Qc7 12. e6 d5 13. exf7+ Rxf7 14. Be2 a5 15.
Qd2 Ba6 16. Bxa6 Rxa6 17. Rf3 Nd6 18. b3 Ne4 19. Nxe4 Bxa1 20. Nc5 Ra8 21. c3
e5 22. Ne6 Qd6 23. Ng5 Rff8 24. fxe5 Qa3 25. Rh3 Bb2 26. Nxh7 Qxa2 27. Nxf8
Rxf8 28. Rf3 Qa1+ 29. Kf2 Rxf3+ 30. gxf3 Bxc3 31. Qd3 Kf7 32. e6+ Kxe6 33.
Qxg6+ Bf6 34. Qe8+ Kd6 35. Qb8+ Ke6 1/2-1/2

[Event "Campeonato Brasileiro Amador 2019 U1800"]
[Site "Sao Paulo"]
[Date "2019.06.23"]
[Round "7.1"]
[White "Da Justa, Saulo Freitas"]
[Black "Silva, Rodrigo Souza"]
[Result "1-0"]
[WhiteElo "1659"]
[BlackElo "1769"]
[PlyCount "119"]
[EventDate "2019.06.20"]

1. Nf3 Nf6 2. c4 g6 3. Nc3 d5 4. e3 Bg7 5. d4 O-O 6. Be2 dxc4 7. Bxc4 c5 8. d5
Bg4 9. Qb3 Nbd7 10. e4 Bxf3 11. gxf3 Ne5 12. Be2 Qc7 13. f4 c4 14. Qc2 Nd3+ 15.
Bxd3 cxd3 16. Qxd3 e6 17. d6 Qc6 18. f3 Rfd8 19. e5 Nd5 20. Nxd5 Qxd5 21. Qxd5
exd5 22. Be3 f6 23. Bd4 Re8 24. Rc1 fxe5 25. fxe5 Bxe5 26. d7 Bxd4+ 27. dxe8=Q+
Rxe8+ 28. Kd1 Kf7 29. Rc7+ Re7 30. Rxe7+ Kxe7 31. Ke2 b6 32. b3 Ke6 33. Kd3 Be5
34. Re1 Kf5 35. Rc1 Bxh2 36. Rh1 Bg3 37. Rxh7 a5 38. Re7 Bf2 39. Re8 g5 40. Kc3
Kf4 41. Rf8+ Ke5 42. a3 Bc5 43. Re8+ Kf4 44. b4 axb4+ 45. axb4 Bf2 46. Rf8+ Ke3
47. Rf6 Be1+ 48. Kb3 d4 49. Rxb6 Kxf3 50. Kc4 Bf2 51. Kd3 g4 52. Rf6+ Kg2 53.
b5 Kf1 54. b6 g3 55. b7 g2 56. b8=Q g1=Q 57. Qb1+ Kg2 58. Rg6+ Kh2 59. Rxg1
Bxg1 60. Ke2 1-0

[Event "Campeonato Brasileiro Amador 2019 U1800"]
[Site "Sao Paulo"]
[Date "2019.06.23"]
[Round "7.3"]
[White "Rodio, Julia Brunetto"]
[Black "Nunes, Gustavo Morais"]
[Result "0-1"]
[WhiteElo "1756"]
[BlackElo "1798"]
[PlyCount "100"]
[EventDate "2019.06.20"]

1. e4 e5 2. d4 exd4 3. Bc4 Nc6 4. Nf3 Nf6 5. O-O Be7 6. Re1 Nxe4 7. Nxd4 d5 8.
Nxc6 bxc6 9. Bb3 O-O 10. Bf4 Nc5 11. Nc3 Nxb3 12. axb3 Be6 13. Qd2 Bb4 14. Rad1
c5 15. Qe2 c6 16. Rf1 Qf6 17. Be5 Qg6 18. Kh1 Rfe8 19. Bg3 Bg4 20. Qd3 Bxd1 21.
Rxd1 Re6 22. h3 Rae8 23. Na2 Ba5 24. Qf3 Qf6 25. Qxf6 Rxf6 26. Kh2 Re2 27. Nc3
Rxc2 28. Na4 Re6 29. Rd3 Kf8 30. Rf3 d4 31. Rd3 Ke8 32. Rf3 f6 33. Rf5 Bb4 34.
Rh5 h6 35. Rf5 g6 36. Rf3 Bd2 37. Rd3 Bb4 38. Rf3 Kf7 39. Rd3 Be1 40. Rf3 Re8
41. Kg1 Bb4 42. Kh2 Rd8 43. Kg1 d3 44. Kh2 d2 45. Kg1 d1=Q+ 46. Kh2 Rc1 47. Be5
Qxf3 48. gxf3 fxe5 49. f4 exf4 50. f3 Rd2# 0-1

[Event "Campeonato Brasileiro Amador 2019 U1800"]
[Site "Sao Paulo"]
[Date "2019.06.23"]
[Round "7.4"]
[White "Fischer Schilling, Ian"]
[Black "Sousa, Fabio De Fatima"]
[Result "1-0"]
[WhiteElo "1763"]
[BlackElo "1695"]
[PlyCount "55"]
[EventDate "2019.06.20"]

1. e4 c5 2. Nf3 d6 3. d4 cxd4 4. Nxd4 Nf6 5. Nc3 a6 6. Bg5 e6 7. f4 Nbd7 8. Qf3
Qc7 9. O-O-O b5 10. f5 Ne5 11. Bxb5+ axb5 12. Ndxb5 Qc6 13. Qe2 Ba6 14. fxe6
fxe6 15. Bxf6 gxf6 16. Qh5+ Kd7 17. Nd4 Qc5 18. Nd5 Bc4 19. Nxe6 Qa5 20. Qh3
Kc6 21. a3 h5 22. Nxf8 Raxf8 23. Qe6 Bxd5 24. Rxd5 Qc7 25. Rhd1 Rd8 26. b4 Rhe8
27. Qxf6 Nc4 28. Rc5+ 1-0

[Event "Campeonato Brasileiro Amador 2019 U1800"]
[Site "Sao Paulo"]
[Date "2019.06.23"]
[Round "7.5"]
[White "Santos, Marcos Correia"]
[Black "Jenidarchiche, Douglas Rodrigo"]
[Result "0-1"]
[WhiteElo "1567"]
[BlackElo "1737"]
[PlyCount "68"]
[EventDate "2019.06.20"]

1. e4 c5 2. Nc3 g6 3. g3 Bg7 4. Bg2 Nc6 5. f4 d6 6. Nf3 Nf6 7. O-O O-O 8. d3
Rb8 9. h3 b5 10. a3 a5 11. Be3 Ba6 12. g4 Nd7 13. Qe1 b4 14. axb4 Nxb4 15. Rc1
Qb6 16. f5 Bxd3 17. cxd3 Nxd3 18. Qh4 Nxc1 19. Bxc1 e6 20. Bh6 Qd8 21. Ng5 Bf6
22. fxe6 fxe6 23. Rxf6 Qxf6 24. e5 Qxe5 25. Nxh7 Rf7 26. Ng5 Qe3+ 27. Kh2 Rf2
28. Nge4 Rxg2+ 29. Kxg2 Rxb2+ 30. Kf1 Qf3+ 31. Nf2 Rxf2+ 32. Qxf2 Qxh3+ 33. Qg2
Qxh6 34. Qa8+ Qf8+ 0-1

[Event "Campeonato Brasileiro Amador 2019 U1800"]
[Site "Sao Paulo"]
[Date "2019.06.23"]
[Round "7.6"]
[White "Haraguchi, Diego Sashaki"]
[Black "Da Silva, Joao Carlos Orguim"]
[Result "0-1"]
[WhiteElo "1524"]
[BlackElo "1793"]
[PlyCount "56"]
[EventDate "2019.06.20"]

1. d4 d5 2. Nf3 c6 3. Bf4 Nf6 4. e3 Nbd7 5. c3 Nh5 6. Bg3 Nxg3 7. hxg3 g6 8.
Bd3 Bg7 9. Nbd2 e5 10. dxe5 Nxe5 11. Nxe5 Bxe5 12. Qf3 h5 13. O-O-O Bg4 14.
Qxg4 hxg4 15. Nb3 Qc7 16. Be2 f5 17. Rxh8+ Bxh8 18. Nc5 Qe7 19. Rh1 O-O-O 20.
Nd3 Be5 21. Rh6 Bxg3 22. Kd2 Qd7 23. Rh1 Bd6 24. Rb1 Re8 25. b4 b6 26. g3 Kc7
27. a4 Rb8 28. Kc1 c5 0-1

[Event "Campeonato Brasileiro Amador 2019 U1800"]
[Site "Sao Paulo"]
[Date "2019.06.23"]
[Round "7.7"]
[White "De Moura, Valderi Nascimento"]
[Black "Abilhoa, Gustavo Auer"]
[Result "1-0"]
[WhiteElo "1735"]
[BlackElo "1767"]
[PlyCount "67"]
[EventDate "2019.06.20"]

1. e4 c5 2. b3 Nc6 3. Bb2 e5 4. Bb5 d6 5. Nf3 Nf6 6. Nc3 a6 7. Bxc6+ bxc6 8. d3
g6 9. Qd2 h5 10. Ng5 Nh7 11. Nxh7 Rxh7 12. f4 Bh6 13. Ne2 Bg4 14. g3 Bxe2 15.
Kxe2 exf4 16. gxf4 Qh4 17. Raf1 Qg4+ 18. Ke1 Bg7 19. Bxg7 Rxg7 20. Qc3 Rg8 21.
Kd2 Kd7 22. Kc1 a5 23. a4 Qe6 24. e5 Rge8 25. Re1 Qd5 26. Re4 g5 27. Rf1 dxe5
28. fxg5 Re7 29. h4 Ra7 30. Rf6 Rb7 31. Qxa5 Re8 32. Rc4 Reb8 33. Qxc5 Qh1+ 34.
Kb2 1-0

[Event "Campeonato Brasileiro Amador 2019 U1800"]
[Site "Sao Paulo"]
[Date "2019.06.23"]
[Round "7.8"]
[White "Martins De Aguiar, Marina"]
[Black "Borges, Leonardo Hisao Herai"]
[Result "0-1"]
[WhiteElo "1724"]
[BlackElo "1748"]
[PlyCount "146"]
[EventDate "2019.06.20"]

1. e4 c5 2. Nf3 e6 3. d4 cxd4 4. Nxd4 a6 5. Nc3 Qc7 6. a3 Nf6 7. Be3 Be7 8. Be2
b5 9. O-O Bb7 10. Bf3 d6 11. Re1 O-O 12. Nb3 Nc6 13. Bf4 Nd7 14. g3 Nce5 15.
Bg2 Nc4 16. Bc1 Bf6 17. Nd4 Qb6 18. Nce2 Nc5 19. b3 Ne5 20. Nf4 g6 21. Be3 Qa7
22. Nh3 Bxe4 23. Bxe4 Nxe4 24. Bh6 Nc3 25. Qd2 Bg7 26. Bxg7 Kxg7 27. Ng5 Rae8
28. Qf4 Nd5 29. Qe4 h6 30. Ngf3 Nxf3+ 31. Nxf3 Nf6 32. Qd3 Qc5 33. Re2 Rc8 34.
a4 Qc3 35. Qxc3 Rxc3 36. axb5 Rxf3 37. bxa6 Ra8 38. Rd2 d5 39. Rd4 Rc3 40. Rb4
Rxc2 41. Rb7 Rcc8 42. a7 Ne8 43. Ra6 Rc7 44. Rb8 Raxa7 45. Rxa7 Rxa7 46. Rxe8
Rb7 47. Kf1 Rxb3 48. Ke2 Kf6 49. Rh8 h5 50. Rd8 Ke7 51. Ra8 Rb4 52. Ra7+ Kf6
53. Kd3 h4 54. Rd7 hxg3 55. hxg3 Rb3+ 56. Kd2 Rf3 57. Ke2 Rf5 58. Ke3 g5 59. f3
Ke5 60. Ra7 d4+ 61. Ke2 Kf6 62. g4 Re5+ 63. Kf2 d3 64. Ra2 Re2+ 65. Rxe2 dxe2
66. Kxe2 Ke5 67. Ke3 Kd5 68. f4 f6 69. Kf3 Kd4 70. fxg5 fxg5 71. Ke2 Ke4 72.
Kf2 Kf4 73. Ke2 Kxg4 0-1